[Event "54th Rubinstein Memorial-A 2018"]
[Site "Polanica-Zdroj"]
[Date "2018.08.22"]
[Round "5"]
[White "Frolov, Artur"]
[Black "Bukojemski, Adam"]
[Result "1-0"]
[WhiteElo "2420"]
[BlackElo "2233"]
[Annotator "TA"]
[PlyCount "83"]
[EventDate "2018.08.18"]
[EventType "swiss"]
[EventCountry "POL"]
[SourceTitle "playchess.com"]
[Source "ChessBase"]
[SourceQuality "1"]

{[%evp 19,83,0,0,0,0,-6,57,57,62,59,55,58,60,62,108,97,129,98,104,103,85,72,100,100,93,97,100,96,100,104,102,83,86,74,185,185,243,73,157,167,260,255,250,247,303,289,242,205,274,134,122,113,122,113,200,165,582,410,12833,11931,12831,12831,12844,12844,12845,12843]} 1. d4 Nf6 2. Nf3 g6 3. c4 Bg7 4. Nc3 d5 5. cxd5 Nxd5 6. e3 O-O 7. Bc4 Nb6 8. Bb3 c5 9. dxc5 {D94: Grünfeld: 4 Nf3 Bg7 5 e3} (9. O-O cxd4 10. exd4 Bg4 11. d5 N8d7 12. h3 Bxf3 13. Qxf3 Nc5 14. Rd1 Nxb3 15. axb3 Nc8 16. Be3 a6 17. b4 Nd6 18. Na4 Nc4 19. Bd4 Bxd4 20. Rxd4 b5 21. Nc5 {1-0 (68) Li,C (2750)-Ipatov,A (2619) Doha 2015}) 9... Qxd1+ 10. Bxd1 N6d7 {LiveBook: 3 Games} 11. Nd5 {The position is equal.} Nc6 12. Ba4 Nxc5 $146 (12... e6 $11 13. Bxc6 bxc6 14. Ne7+ Kh8 15. Nxc8 Raxc8) ({Predecessor:} 12... Kh8 13. O-O e6 14. Bxc6 bxc6 15. Nb4 Nxc5 16. Nxc6 Bb7 {0-1 (27) Koltsov,E (2252)-Nevostrujev,V (2508) Kemerovo 2009}) 13. Bxc6 $1 $14 bxc6 14. Nxe7+ Kh8 {Hoping for ...Bb7.} 15. Nxc8 Raxc8 16. Rb1 Rb8 17. b3 a5 18. Ba3 Nd3+ 19. Ke2 Nb4 20. Ng5 (20. Rbd1 {is more complex.} Rfe8 21. Rd2 Nd5 22. Nd4 a4 23. Bb2) 20... c5 21. Bxb4 $1 axb4 22. Rbc1 $36 {[%mdl 2048] White has strong initiative.} Ra8 23. Rc2 ({Don't play} 23. Rxc5 Rxa2+ 24. Kf3 h6 $11) 23... Ra5 24. Ne4 Rfa8 25. Nxc5 Rxa2 26. Rhc1 Bb2 (26... h5 $16) 27. Na4 $1 $18 {[%cal Ra4b2]} R2xa4 (27... Bxc1 {was necessary.} 28. Rxa2 Rc8) 28. Rxb2 $2 {[%mdl 4096] Endgame KRR-KRR} (28. Rc8+ $18 Kg7 29. bxa4 Rxa4 30. Rb1) 28... Ra3 ({Better is} 28... Ra2 29. Rd2 Rxd2+ 30. Kxd2 Ra3) 29. Rc7 $1 $16 Ra2 (29... R3a7 $142 30. Rbc2 Kg7) 30. Rxa2 $18 Rxa2+ {KR-KR} 31. Kf3 Rb2 32. Rxf7 Rxb3 33. Rb7 Rb1 34. Kf4 (34. Ke4 $18 {has better winning chances.}) 34... Rb2 $16 35. f3 {Black must now prevent Ke5.} Rxg2 36. h4 Ra2 {[#]} (36... h6 $16 {was worth a try.} 37. Rxb4 Kg7 38. Rb7+ Kf6 39. Rb6+ Kg7) 37. e4 $1 $18 {[%cal Be3e4,Be4e5][%mdl 32]} Ra8 $2 (37... Kg8 {is more resistant.} 38. Rxb4 h6 39. Rb8+ Kg7 40. Rb7+ Kf8) 38. Kg5 Ra5+ {[#]} (38... Kg8 $142 39. f4 (39. Rxb4 Ra5+ 40. Kf4 h6 $16) 39... Rf8 40. Rxb4 Kf7 41. Rb7+ Kg8) 39. Kf6 $1 {[%cal Rb7b8] White is clearly winning.} Ra6+ 40. Kf7 {[%cal Rb7b8]} h6 41. e5 Ra3 42. Kxg6 {Precision: White = 67%, Black = 22%.} 1-0

[Event "54th Rubinstein Memorial-A 2018"]
[Site "Polanica-Zdroj"]
[Date "2018.08.21"]
[Round "5"]
[White "Manik, Mikulas"]
[Black "Sanz Wawer, Daniel"]
[Result "1/2-1/2"]
[WhiteElo "2408"]
[BlackElo "2180"]
[Annotator "ChessBase"]
[PlyCount "61"]
[EventDate "2018.08.18"]
[EventType "swiss"]
[EventCountry "POL"]
[SourceTitle "playchess.com"]
[Source "ChessBase"]
[SourceQuality "1"]
[TimeControl "40/5400+30:1800+30"]

1. e4 c6 2. d4 d5 3. e5 c5 4. dxc5 e6 5. a3 Bxc5 6. b4 Be7 7. Nf3 a5 8. b5 Nd7 9. Bd3 Qc7 10. Bb2 Nh6 11. O-O Nc5 12. a4 Bd7 13. Nbd2 Rc8 14. Be2 Nf5 15. c4 O-O 16. Rc1 Qb8 17. cxd5 exd5 18. Re1 Rfd8 19. Bf1 Ne4 20. Rxc8 Qxc8 21. Qb3 Be6 22. Qd3 Nc5 23. Qc2 Nh4 24. Nxh4 Bxh4 25. Nf3 Bf5 26. Qd1 Be7 27. Bd4 Qe6 28. Bxc5 Bxc5 29. Bd3 b6 30. Qc2 Bxd3 31. Qxd3 1/2-1/2

[Event "54th Rubinstein Memorial-A 2018"]
[Site "Polanica-Zdroj"]
[Date "2018.08.22"]
[Round "5"]
[White "Sabuk, Piotr"]
[Black "Nurkiewicz, Maciej"]
[Result "1/2-1/2"]
[WhiteElo "2377"]
[BlackElo "2371"]
[Annotator "NA"]
[PlyCount "60"]
[EventDate "2018.08.18"]
[EventType "swiss"]
[EventCountry "POL"]
[SourceTitle "playchess.com"]
[Source "ChessBase"]
[SourceQuality "1"]
[TimeControl "40/5400+30:1800+30"]

1. d4 {[%emt 0:00:00]} Nf6 {[%emt 0:00:00]} 2. c4 {[%emt 0:00:00]} c5 {[%emt 0:01:14]} 3. d5 {[%emt 0:00:01]} e6 {[%emt 0:00:15]} 4. Nc3 {[%emt 0:00:35]} exd5 {[%emt 0:00:16]} 5. cxd5 {[%emt 0:00:23]} d6 {[%emt 0:00:17]} 6. e4 {[%emt 0:04:16]} g6 {[%emt 0:00:55]} 7. f4 {[%emt 0:04:12]} Bg7 {[%emt 0:00:33]} 8. Bb5+ {[%emt 0:00:25]} Nfd7 {[%emt 0:13:31]} 9. Nf3 {[%emt 0:02:54]} O-O {[%emt 0:00:52]} 10. O-O {[%emt 0:01:06]} a6 {[%emt 0:00:36]} 11. Bd3 {[%emt 0:00:09]} b5 {[%emt 0:01:55]} 12. a3 {[%emt 0:04:32]} Re8 {[%emt 0:28:33]} 13. Kh1 {[%emt 0:01:30]} Bb7 {[%emt 0:06:31]} 14. f5 {[%emt 0:07:17]} Ne5 {[%emt 0:09:01]} 15. Bg5 {[%emt 0:11:29]} Bf6 {[%emt 0:04:22]} 16. fxg6 {[%emt 0:11:19]} Bxg5 {[%emt 0:03:04]} 17. Nxe5 {[%emt 0:05:36]} Rxe5 {[%emt 0:00:10]} 18. Rxf7 {[%emt 0:03:22]} hxg6 {[%emt 0:09:43]} 19. Rxb7 {[%emt 0:01:16]} Qc8 {[%emt 0:00:32]} 20. Rb6 {[%emt 0:07:46]} Qc7 {[%emt 0:00:16]} 21. Qf3 {[%emt 0:04:25]} Qxb6 {[%emt 0:00:20]} 22. Rf1 {[%emt 0:00:07]} Ra7 {[%emt 0:10:08]} 23. Qf8+ {[%emt 0:00:56]} Kh7 {[%emt 0:00:02]} 24. Rf7+ {[%emt 0:06:43]} Rxf7 {[%emt 0:00:08]} 25. Qxf7+ {[%emt 0:00:05]} Kh8 {[%emt 0:00:12]} 26. Qf8+ {[%emt 0:00:25]} Kh7 {[%emt 0:00:05]} 27. Qf7+ {[%emt 0:00:09]} Kh8 {[%emt 0:00:04]} 28. Qf8+ {[%emt 0:00:09]} Kh7 {[%emt 0:00:06]} 29. Qf7+ {[%emt 0:00:27]} Kh8 {[%emt 0:00:08]} 30. Qf8+ {[%emt 0:00:05]} Kh7 1/2-1/2

[Event "54th Rubinstein Memorial-A 2018"]
[Site "Polanica-Zdroj"]
[Date "2018.08.21"]
[Round "5"]
[White "Nurkiewicz, Maciej"]
[Black "Psyk, Radoslaw"]
[Result "1-0"]
[WhiteElo "2371"]
[BlackElo "2304"]
[Annotator "NA"]
[PlyCount "111"]
[EventDate "2018.08.18"]
[EventType "swiss"]
[EventCountry "POL"]
[SourceTitle "playchess.com"]
[Source "ChessBase"]
[SourceQuality "1"]
[TimeControl "40/5400+30:1800+30"]

1. e4 c5 2. Nf3 e6 3. d4 cxd4 4. Nxd4 Nc6 5. Nb5 d6 6. c4 Nf6 7. N1c3 a6 8. Na3 Be7 9. Be2 O-O 10. O-O b6 11. Be3 Ne5 12. f3 Bb7 13. Qb3 Ned7 14. Rfd1 Qc7 15. Rac1 Rac8 16. Kh1 Rfe8 17. Bf1 Bf8 18. Qc2 Qb8 19. Qf2 d5 20. cxd5 exd5 21. Nxd5 Nxd5 22. Rxc8 Rxc8 23. exd5 b5 24. Bd3 Nf6 25. Qh4 Qd6 26. Bf5 Rd8 27. Bf4 Qb6 28. Be5 h6 29. d6 Qe3 30. Bxf6 gxf6 31. d7 Bc5 32. Re1 Qxf3 33. Bh3 Qc6 34. Qg3+ Kf8 35. Qf4 f5 36. Qe5 f6 37. Qxf5 Bb4 38. Rf1 Be7 39. Nc2 Qe4 40. Qf2 Qd3 41. Bf5 Be4 42. Bxe4 Qxe4 43. Qd2 Kf7 44. Re1 Qf5 45. Rd1 Bc5 46. h3 h5 47. Qd5+ Qxd5 48. Rxd5 Bb6 49. Nd4 Bxd4 50. Rxd4 Ke6 51. Kh2 h4 52. g3 Ke5 53. Rd1 hxg3+ 54. Kxg3 Ke4 55. Kg4 b4 56. h4 {Kd5} 1-0

[Event "54th Rubinstein Memorial-A 2018"]
[Site "Polanica-Zdroj"]
[Date "2018.08.22"]
[Round "5"]
[White "Lewtak, Damian"]
[Black "Shishkin, Vadim"]
[Result "1-0"]
[WhiteElo "2369"]
[BlackElo "2461"]
[Annotator "TA"]
[PlyCount "105"]
[EventDate "2018.08.18"]
[EventType "swiss"]
[EventCountry "POL"]
[SourceTitle "playchess.com"]
[Source "ChessBase"]
[SourceQuality "1"]

{[%evp 9,105,-5,52,35,43,44,86,81,90,65,67,83,78,77,87,114,101,100,84,80,75,50,60,35,43,46,47,49,45,16,47,18,73,35,35,31,37,29,49,43,70,0,53,53,52,16,12,0,0,0,6,0,0,0,0,-14,0,0,0,0,0,0,0,0,0,0,74,14,14,33,20,27,220,200,678,619,679,632,1204,992,1912,1981,2223,2697,5289,11087,1280,752,872,315,525,361,1040,583,727,693,1245,1245]} 1. d4 Nf6 2. Bf4 g6 3. Nc3 d5 4. e3 Bg7 5. h4 b6 (5... c6 $11) (5... h5 6. Nf3 Bg4 7. Be2 Bxf3 8. Bxf3 c6 9. Qd2 Nbd7 10. O-O-O b5 11. Kb1 {½-½ (34) Aronian,L (2797)-Vachier Lagrave,M (2793) Caleta 2018}) 6. Nf3 $146 {A45: Trompowsky Attack} ({Predecessor:} 6. Be2 Bb7 7. h5 Ne4 8. Nb5 Nd6 9. Nf3 Nd7 10. Ne5 a6 11. Nxd6+ cxd6 12. Nxd7 Qxd7 {1-0 (30) Popovic,M (2247)-Stankovic,M (2038) Zrenjanin 2018}) 6... Bb7 7. Ne5 a6 8. h5 {White is better.} Nbd7 9. hxg6 hxg6 10. Rxh8+ Bxh8 11. Qf3 e6 12. Bg5 Qc8 13. Nxd7 Nxd7 14. Bd3 c5 15. O-O-O Bg7 16. Rh1 Nf8 $1 17. Qf4 {Threatens to win with Nb5!} Qb8 18. Qh4 Qc7 19. Re1 c4 20. Bf1 Kd7 (20... b5 $11 {remains equal.}) 21. Bf6 Bxf6 22. Qxf6 Ke8 23. e4 {aiming for exd5.} Rd8 24. exd5 Bxd5 25. g4 (25. a4 $14) 25... b5 (25... Bb7 $11) 26. Nxd5 $14 Rxd5 27. Bg2 (27. c3 {is interesting.} Qd8 28. Qf3 Rd6 29. Kc2 g5 30. a4) 27... Qd8 28. Qxd8+ Rxd8 $11 {[%mdl 4096] Endgame KRB-KRN} 29. c3 Nd7 30. Kc2 Ke7 31. g5 Rh8 32. Rh1 Rxh1 33. Bxh1 {KB-KN} Kd6 34. b3 Nb6 35. Bb7 a5 36. bxc4 bxc4 37. Kd2 e5 {[#]} (37... Kd7 $11 {keeps the balance.}) 38. dxe5+ ({White should play} 38. Be4 $1 $16) 38... Kxe5 39. Ke3 Na4 $1 {[%cal Ra4c3]} 40. f4+ Kd6 $2 (40... Ke6 $11 {and Black is okay.}) 41. Kd4 $18 Nc5 $2 (41... Nb6 42. Be4 Ke6) 42. Bd5 Nd3 43. f5 gxf5 44. Bxf7 Ke7 45. Bxc4 Nf2 46. Ke5 Ne4 47. g6 {Threatening mate with g7.} Kf8 48. Kd4 Kg7 49. Bf7 Kf6 $2 {[#]} (49... Ng3 50. Ke3 Ne4) 50. c4 $1 {[%cal Bc3c4,Bc4c5,Bc5c6][%mdl 32]} Nd6 $2 (50... Ng3 51. c5 f4) 51. c5 {White is clearly winning.} Nb5+ 52. Kc4 Nc7 53. c6 {Precision: White = 58%, Black = 34%.} 1-0

[Event "54th Rubinstein Memorial-A 2018"]
[Site "Polanica-Zdroj"]
[Date "2018.08.21"]
[Round "5"]
[White "Djuric, Stefan"]
[Black "Sabuk, Piotr"]
[Result "0-1"]
[WhiteElo "2352"]
[BlackElo "2377"]
[Annotator "NA"]
[PlyCount "118"]
[EventDate "2018.08.18"]
[EventType "swiss"]
[EventCountry "POL"]
[SourceTitle "playchess.com"]
[Source "ChessBase"]
[SourceQuality "1"]
[TimeControl "40/5400+30:1800+30"]

1. d4 {[%emt 0:09:51]} Nf6 {[%emt 0:00:00]} 2. c4 {[%emt 0:00:13]} e6 {[%emt 0:00:00]} 3. Nf3 {[%emt 0:00:19]} d5 {[%emt 0:00:25]} 4. Nc3 {[%emt 0:00:56]} c5 {[%emt 0:00:19]} 5. cxd5 {[%emt 0:00:27]} Nxd5 {[%emt 0:00:24]} 6. e3 {[%emt 0:03:46]} cxd4 {[%emt 0:00:39]} 7. exd4 {[%emt 0:00:12]} Nxc3 {[%emt 0:00:32]} 8. bxc3 {[%emt 0:00:14]} Qc7 {[%emt 0:00:13]} 9. Bb5+ {[%emt 0:05:08]} Nd7 {[%emt 0:08:11]} 10. O-O {[%emt 0:00:37]} Bd6 {[%emt 0:03:46]} 11. c4 {[%emt 0:18:51]} O-O {[%emt 0:14:03]} 12. c5 {[%emt 0:01:02]} Be7 {[%emt 0:05:22]} 13. Re1 {[%emt 0:02:28]} Rd8 {[%emt 0:03:15]} 14. Bd2 {[%emt 0:07:16]} Nf6 {[%emt 0:12:17]} 15. Qa4 {[%emt 0:11:22]} Bd7 {[%emt 0:08:17]} 16. Bxd7 {[%emt 0:03:20]} Qxd7 {[%emt 0:02:17]} 17. Qxd7 {[%emt 0:00:31]} Rxd7 {[%emt 0:12:43]} 18. Rab1 {[%emt 0:05:52]} h6 {[%emt 0:01:44]} 19. h3 {[%emt 0:03:12]} b6 {[%emt 0:06:37]} 20. Rec1 {[%emt 0:00:47]} Nd5 {[%emt 0:00:59]} 21. a4 {[%emt 0:04:53]} Rc7 {[%emt 0:00:50]} 22. cxb6 {[%emt 0:01:49]} Rxc1+ {[%emt 0:00:22]} 23. Rxc1 {[%emt 0:00:12]} axb6 {[%emt 0:00:56]} 24. Rc4 {[%emt 0:00:51]} f6 {[%emt 0:02:03]} 25. Kf1 {[%emt 0:02:03]} Kf7 {[%emt 0:00:06]} 26. Ke2 {[%emt 0:02:10]} Bb4 {[%emt 0:01:55]} 27. Ne1 {[%emt 0:05:22]} Bd6 {[%emt 0:06:23]} 28. Nd3 {[%emt 0:01:14]} g5 {[%emt 0:01:39]} 29. Kd1 {[%emt 0:00:39]} h5 {[%emt 0:01:10]} 30. Kc2 {[%emt 0:02:29]} h4 {[%emt 0:04:25]} 31. Kb3 {[%emt 0:00:16]} Rh8 {[%emt 0:02:50]} 32. f3 {[%emt 0:00:46]} Ke7 {[%emt 0:00:44]} 33. Nf2 {[%emt 0:02:34]} Kd7 {[%emt 0:00:17]} 34. Ne4 {[%emt 0:00:27]} Bf4 {[%emt 0:00:34]} 35. Rc2 {[%emt 0:03:01]} Rg8 {[%emt 0:00:36]} 36. Nc3 {[%emt 0:00:42]} Bxd2 {[%emt 0:00:23]} 37. Nxd5 {[%emt 0:00:23]} exd5 {[%emt 0:00:05]} 38. Rxd2 {[%emt 0:00:11]} Re8 {[%emt 0:00:12]} 39. Kb4 {[%emt 0:01:20]} Re1 {[%emt 0:00:37]} 40. Rb2 {[%emt 0:00:00]} Kc6 {[%emt 0:00:00]} 41. Rc2+ {[%emt 0:02:06]} Kd6 {[%emt 0:06:56]} 42. Rb2 {[%emt 0:03:38]} Kc6 {[%emt 0:02:25]} 43. a5 {[%emt 0:01:04]} bxa5+ {[%emt 0:02:38]} 44. Kxa5 {[%emt 0:00:11]} Ra1+ {[%emt 0:00:35]} 45. Kb4 {[%emt 0:00:02]} Rc1 {[%emt 0:00:33]} 46. Ka5 {[%emt 0:04:57]} Kd7 {[%emt 0:05:00]} 47. Rb7+ {[%emt 0:09:45]} Ke6 {[%emt 0:00:08]} 48. Rb6+ {[%emt 0:00:04]} Kf5 {[%emt 0:02:56]} 49. Rd6 {[%emt 0:01:04]} Rc2 {[%emt 0:01:29]} 50. Rxd5+ {[%emt 0:01:54]} Kf4 {[%emt 0:00:37]} 51. Rc5 {[%emt 0:07:46]} Rxg2 {[%emt 0:02:55]} 52. Kb6 {[%emt 0:00:29]} Kxf3 {[%emt 0:04:52]} 53. d5 {[%emt 0:00:19]} g4 {[%emt 0:02:17]} 54. Rc3+ {[%emt 0:01:46]} Ke4 {[%emt 0:00:36]} 55. d6 {[%emt 0:00:33]} g3 {[%emt 0:02:10]} 56. Kc7 {[%emt 0:03:51]} Rd2 {[%emt 0:00:17]} 57. Rc4+ {[%emt 0:00:14]} Ke5 {[%emt 0:01:39]} 58. d7 {[%emt 0:00:26]} f5 {[%emt 0:00:44]} 59. Rc5+ {[%emt 0:00:44]} Ke4 {[%emt 0:00:47]} 0-1

[Event "54th Rubinstein Memorial-A 2018"]
[Site "Polanica-Zdroj"]
[Date "2018.08.21"]
[Round "5"]
[White "Nowak, Kamil"]
[Black "Walkusz, Witoslaw"]
[Result "1/2-1/2"]
[WhiteElo "2313"]
[BlackElo "2121"]
[Annotator "NA"]
[PlyCount "61"]
[EventDate "2018.08.18"]
[EventType "swiss"]
[EventCountry "POL"]
[SourceTitle "playchess.com"]
[Source "ChessBase"]
[SourceQuality "1"]
[TimeControl "40/5400+30:1800+30"]

1. d4 {[%emt 0:00:00]} Nf6 {[%emt 0:00:00]} 2. c4 {[%emt 0:00:00]} g6 {[%emt 0:00:00]} 3. Nc3 {[%emt 0:00:21]} d5 {[%emt 0:00:04]} 4. cxd5 {[%emt 0:00:13]} Nxd5 {[%emt 0:00:05]} 5. Na4 {[%emt 0:00:14]} Bg7 {[%emt 0:01:08]} 6. e4 {[%emt 0:00:27]} Nb6 {[%emt 0:00:45]} 7. Be3 {[%emt 0:00:18]} Nxa4 {[%emt 0:01:07]} 8. Qxa4+ {[%emt 0:00:07]} Bd7 {[%emt 0:05:29]} 9. Qb3 {[%emt 0:11:06]} Nc6 {[%emt 0:01:55]} 10. Nf3 {[%emt 0:00:58]} O-O {[%emt 0:00:48]} 11. h3 {[%emt 0:06:59]} b6 {[%emt 0:15:26]} 12. Be2 {[%emt 0:02:05]} e5 {[%emt 0:02:27]} 13. Rd1 {[%emt 0:16:13]} Nxd4 {[%emt 0:04:20]} 14. Nxd4 {[%emt 0:00:51]} exd4 {[%emt 0:00:35]} 15. Bxd4 {[%emt 0:00:04]} Bxd4 {[%emt 0:02:10]} 16. Rxd4 {[%emt 0:01:10]} c5 {[%emt 0:06:14]} 17. Rd2 {[%emt 0:03:46]} Qe7 {[%emt 0:02:38]} 18. O-O {[%emt 0:00:36]} Be6 {[%emt 0:00:54]} 19. Qe3 {[%emt 0:00:31]} Rfd8 {[%emt 0:01:50]} 20. Rfd1 {[%emt 0:00:25]} Rxd2 {[%emt 0:00:15]} 21. Rxd2 {[%emt 0:00:14]} Rd8 {[%emt 0:00:02]} 22. b3 {[%emt 0:00:48]} Rxd2 {[%emt 0:01:55]} 23. Qxd2 {[%emt 0:00:20]} Qd7 {[%emt 0:03:12]} 24. Qxd7 {[%emt 0:00:28]} Bxd7 {[%emt 0:00:05]} 25. f4 {[%emt 0:07:06]} Bc6 {[%emt 0:02:49]} 26. Bd3 {[%emt 0:00:13]} b5 {[%emt 0:08:46]} 27. Kf2 {[%emt 0:03:15]} f6 {[%emt 0:01:03]} 28. Ke3 {[%emt 0:00:11]} Kf7 {[%emt 0:00:27]} 29. g3 {[%emt 0:00:25]} h6 {[%emt 0:01:04]} 30. h4 {[%emt 0:00:56]} Ke6 {[%emt 0:02:29]} 31. Be2 {[%emt 0:01:44]} 1/2-1/2

[Event "54th Rubinstein Memorial-A 2018"]
[Site "Polanica-Zdroj"]
[Date "2018.08.22"]
[Round "5"]
[White "Psyk, Radoslaw"]
[Black "Bilczewski, Kacper"]
[Result "1-0"]
[WhiteElo "2304"]
[BlackElo "2089"]
[Annotator "NA"]
[PlyCount "77"]
[EventDate "2018.08.18"]
[EventType "swiss"]
[EventCountry "POL"]
[SourceTitle "playchess.com"]
[Source "ChessBase"]
[SourceQuality "1"]
[TimeControl "40/5400+30:1800+30"]

1. e4 {[%emt 0:00:00]} c6 {[%emt 0:00:59]} 2. d4 {[%emt 0:00:00]} g6 {[%emt 0:00:05]} 3. Nc3 {[%emt 0:00:16]} d5 {[%emt 0:00:05]} 4. Nf3 {[%emt 0:00:47]} Bg7 {[%emt 0:00:06]} 5. h3 {[%emt 0:00:26]} dxe4 {[%emt 0:00:24]} 6. Nxe4 {[%emt 0:00:10]} Nd7 {[%emt 0:00:04]} 7. Bc4 {[%emt 0:10:39]} Ngf6 {[%emt 0:05:27]} 8. Nxf6+ {[%emt 0:00:09]} Nxf6 {[%emt 0:00:24]} 9. O-O {[%emt 0:00:10]} O-O {[%emt 0:00:06]} 10. Re1 {[%emt 0:00:46]} Nd5 {[%emt 0:04:02]} 11. c3 {[%emt 0:02:16]} h6 {[%emt 0:00:21]} 12. Ne5 {[%emt 0:08:04]} Qd6 {[%emt 0:03:50]} 13. Bb3 {[%emt 0:09:00]} b5 {[%emt 0:05:54]} 14. Qe2 {[%emt 0:08:09]} a6 $16 {[%emt 0:03:53]} 15. Bd2 {[%emt 0:05:51]} Kh7 {[%emt 0:02:19]} 16. Rad1 {[%emt 0:02:28]} Bf5 {[%emt 0:03:06]} 17. c4 {[%emt 0:09:15]} bxc4 {[%emt 0:01:29]} 18. Qxc4 {[%emt 0:00:33]} Bd7 {[%emt 0:03:32]} 19. Rc1 {[%emt 0:02:40]} e6 {[%emt 0:02:27]} 20. h4 {[%emt 0:03:44]} Qe7 {[%emt 0:05:16]} 21. h5 {[%emt 0:01:03]} Bxe5 {[%emt 0:07:54]} 22. dxe5 {[%emt 0:00:56]} g5 {[%emt 0:05:17]} 23. Be3 {[%emt 0:03:52]} Nxe3 {[%emt 0:01:05]} 24. Rxe3 {[%emt 0:00:22]} f5 {[%emt 0:01:33]} 25. exf6 {[%emt 0:00:33]} Qxf6 {[%emt 0:00:13]} 26. Qc2+ {[%emt 0:10:34]} Kh8 {[%emt 0:03:46]} 27. Rce1 {[%emt 0:00:19]} Rae8 {[%emt 0:00:24]} 28. Re5 {[%emt 0:01:45]} Bc8 {[%emt 0:02:21]} 29. R1e2 {[%emt 0:00:49]} Qf7 {[%emt 0:03:06]} 30. Qc3 {[%emt 0:00:23]} Kg8 {[%emt 0:00:34]} 31. Qxc6 {[%emt 0:05:43]} Qxh5 {[%emt 0:00:41]} 32. Bxe6+ {[%emt 0:00:24]} Bxe6 {[%emt 0:00:05]} 33. Rxe6 {[%emt 0:00:07]} Rxe6 {[%emt 0:00:25]} 34. Qxe6+ {[%emt 0:00:06]} Qf7 {[%emt 0:00:37]} 35. Qxh6 {[%emt 0:01:11]} Qxa2 {[%emt 0:00:09]} 36. Qxg5+ {[%emt 0:00:11]} Kh8 {[%emt 0:00:06]} 37. Qh6+ {[%emt 0:00:11]} Kg8 {[%emt 0:00:06]} 38. Qg6+ {[%emt 0:00:24]} Kh8 {[%emt 0:00:09]} 39. Re3 {[%emt 0:00:09]} 1-0

[Event "54th Rubinstein Memorial-A 2018"]
[Site "Polanica-Zdroj"]
[Date "2018.08.21"]
[Round "5"]
[White "Reza, Wojciech"]
[Black "Lewtak, Damian"]
[Result "0-1"]
[WhiteElo "2303"]
[BlackElo "2369"]
[Annotator "NA"]
[PlyCount "52"]
[EventDate "2018.08.18"]
[EventType "swiss"]
[EventCountry "POL"]
[SourceTitle "playchess.com"]
[Source "ChessBase"]
[SourceQuality "1"]
[TimeControl "40/5400+30:1800+30"]

1. e4 {[%emt 0:00:00]} c5 {[%emt 0:00:00]} 2. Nf3 {[%emt 0:00:00]} e6 {[%emt 0:00:07]} 3. b3 {[%emt 0:03:20]} b6 {[%emt 0:02:15]} 4. Bd3 {[%emt 0:00:08]} Bb7 {[%emt 0:03:55]} 5. O-O {[%emt 0:00:29]} Ne7 {[%emt 0:02:06]} 6. Re1 {[%emt 0:03:49]} Ng6 {[%emt 0:02:33]} 7. Bb2 {[%emt 0:05:05]} Nc6 {[%emt 0:02:41]} 8. Bb5 {[%emt 0:19:26]} Nh4 {[%emt 0:07:40]} 9. c3 {[%emt 0:18:28]} a6 {[%emt 0:01:56]} 10. Bf1 {[%emt 0:01:22]} g6 {[%emt 0:10:34]} 11. Nxh4 {[%emt 0:03:07]} Qxh4 {[%emt 0:00:06]} 12. Na3 {[%emt 0:00:33]} b5 {[%emt 0:22:03]} 13. c4 {[%emt 0:06:28]} Nd4 {[%emt 0:01:04]} 14. Nc2 {[%emt 0:01:28]} Bg7 {[%emt 0:07:17]} 15. Nxd4 {[%emt 0:00:31]} cxd4 {[%emt 0:02:20]} 16. cxb5 {[%emt 0:01:33]} axb5 {[%emt 0:02:05]} 17. Bxb5 {[%emt 0:00:46]} Qg5 {[%emt 0:03:29]} 18. a4 {[%emt 0:04:07]} f5 {[%emt 0:01:08]} 19. d3 {[%emt 0:00:36]} O-O {[%emt 0:07:13]} 20. Qc1 {[%emt 0:04:40]} Qh4 {[%emt 0:02:04]} 21. g3 {[%emt 0:11:20]} Qh3 {[%emt 0:00:28]} 22. f4 {[%emt 0:05:03]} g5 {[%emt 0:01:11]} 23. Ba3 {[%emt 0:06:03]} fxe4 {[%emt 0:03:56]} 24. dxe4 {[%emt 0:00:42]} d3 {[%emt 0:06:13]} 25. Bxf8 {[%emt 0:01:08]} Bd4+ {[%emt 0:00:10]} 26. Re3 {[%emt 0:01:22]} gxf4 {[%emt 0:02:10]} 0-1

[Event "54th Rubinstein Memorial-A 2018"]
[Site "Polanica-Zdroj"]
[Date "2018.08.21"]
[Round "5"]
[White "Cherepov, Alexej"]
[Black "Klepek, Witold"]
[Result "1/2-1/2"]
[WhiteElo "2245"]
[BlackElo "2139"]
[Annotator "NA"]
[PlyCount "62"]
[EventDate "2018.08.18"]
[EventType "swiss"]
[EventCountry "POL"]
[SourceTitle "playchess.com"]
[Source "ChessBase"]
[SourceQuality "1"]
[TimeControl "40/5400+30:1800+30"]

1. d4 {[%emt 0:00:00]} Nf6 {[%emt 0:00:00]} 2. Nf3 {[%emt 0:00:11]} e6 {[%emt 0:00:16]} 3. c4 {[%emt 0:00:24]} d5 {[%emt 0:00:06]} 4. g3 {[%emt 0:00:14]} Bb4+ {[%emt 0:02:40]} 5. Bd2 {[%emt 0:00:15]} Bd6 {[%emt 0:01:31]} 6. Bg2 {[%emt 0:01:16]} c6 {[%emt 0:00:42]} 7. Qc2 {[%emt 0:05:16]} O-O {[%emt 0:01:11]} 8. O-O {[%emt 0:00:20]} Nbd7 {[%emt 0:00:13]} 9. Bg5 {[%emt 0:04:19]} Qe7 {[%emt 0:06:25]} 10. Nbd2 {[%emt 0:03:47]} h6 {[%emt 0:02:01]} 11. Bxf6 {[%emt 0:00:07]} Nxf6 {[%emt 0:00:05]} 12. e4 {[%emt 0:00:18]} dxe4 {[%emt 0:01:27]} 13. Nxe4 {[%emt 0:00:08]} Nxe4 {[%emt 0:00:37]} 14. Qxe4 {[%emt 0:00:05]} Bd7 {[%emt 0:02:50]} 15. c5 {[%emt 0:03:04]} Bc7 {[%emt 0:00:08]} 16. b4 {[%emt 0:00:18]} Rfd8 {[%emt 0:02:03]} 17. Ne5 {[%emt 0:02:20]} Be8 {[%emt 0:01:35]} 18. Qe3 {[%emt 0:10:31]} a5 {[%emt 0:05:13]} 19. a3 {[%emt 0:00:48]} f6 {[%emt 0:01:05]} 20. Nf3 {[%emt 0:04:54]} Bh5 {[%emt 0:03:16]} 21. Rfe1 {[%emt 0:03:09]} axb4 {[%emt 0:08:03]} 22. axb4 {[%emt 0:02:20]} Rxa1 {[%emt 0:00:05]} 23. Rxa1 {[%emt 0:00:03]} e5 {[%emt 0:00:18]} 24. Re1 {[%emt 0:03:20]} Bxf3 {[%emt 0:05:12]} 25. Bxf3 {[%emt 0:00:04]} Kf8 {[%emt 0:02:29]} 26. dxe5 {[%emt 0:03:04]} Qxe5 {[%emt 0:00:40]} 27. b5 {[%emt 0:13:17]} Qxe3 {[%emt 0:04:02]} 28. Rxe3 {[%emt 0:01:15]} Be5 {[%emt 0:00:05]} 29. bxc6 {[%emt 0:00:21]} bxc6 {[%emt 0:00:06]} 30. Bxc6 {[%emt 0:00:32]} Rc8 {[%emt 0:00:07]} 31. Bf3 {[%emt 0:00:29]} Bd4 {[%emt 0:00:42]} 1/2-1/2